000 00620nam a2200193 i 4500
001 34380
003 ES-MaACL
005 20251003185043.0
007 t|
008 030204s1972 sp ||||1| spa d
100 1 _aBlauhorn, Kurt.
_929425
245 1 0 _aEuropa
_b: ¿continente de segunda categoría? : la laguna tecnológica de Europa /
_cKurt Blauhorn ; [traducción de Manuel Vázquez].
250 _a1ª ed.
260 _a[Barcelona] :
_bPlaza & Janés,
_c[1972]
300 _a336 p. ;
_c22 cm.
700 1 _aVázquez Tomás, Manuel
_9113375
852 _aES-MaACL
_jC-42234
_bR.80875
999 _c34380
_d34380